000 00178 a2200085 4500
041 _aspa
100 _aAnonimo
245 _arevista del patrimonio nacional aò¨ xxlll
942 _cBK
999 _c10017
_d10017